000
00325nam a2200133Ia 4500
008
220204s9999 xx 000 0 und d
082
_a
636.65(213.5)
_b
SMA
100
_a
SMARTT, J
245
0
_a
Tropical pulses
260
_a
London
_b
Longman
_c
1976
490
_a
Tropical agriculture series
650
_a
Pulses
942
_c
BK
999
_c
27202
_d
27202